Представление документа в формате MARC21

ПолеНазваниеЗначение
  Тип записи a
  Библиографический уровень m
001 Контрольный номер RU/URAIT/583387
005 Дата корректировки 20260429163621.3
008 Кодируемые данные 260429s2026 RU y f j 000 0 rus u
020 Индекс ISBN __
a ISBN 978-5-534-21834-3
c Цена, тираж 2029.00
040 Источник каталогиз. __
a Служба первич. каталог. ИКО Юрайт
c Служба, преобразующая запись ИКО Юрайт
e Правила каталог. RCR
041 Код языка издания __
a Код языка текста rus
044 Код страны публикации __
a Код страны публикации RU
080 Индекс УДК __
a Индекс УДК 347.91/.95(075.8)
084 Индекс другой классификации/Индекс ББК __
2 Источник индекса rubbk
a Индекс другой классификации/Индекс ББК 67.410я73
100 Автор __
a Автор Лебедев М. Ю.
q Полное имя Лебедев Михаил Юрьевич
245 Заглавие __
a Заглавие Гражданский процесс
b Продолж. заглавия учебник для вузов
c Ответственность М. Ю. Лебедев [и др.] ; под редакцией М. Ю. Лебедева.
250 Сведения об издании __
g пер. и доп
a Основные сведения об издании 10-е изд.
256 Характеристики компьютерного файла __
a Характеристики компьютерного файла Электрон. дан.
260 Выходные данные __
a Место издания Москва
b Издательство Юрайт
c Дата издания 2026
300 Физическое описание __
a Объем 388 с
440 Серия __
a Серия Высшее образование
500 Примечания __
a Примечание URL: https://urait.ru/bcode/583387 (дата обращения: 29.04.2026).
520 Аннотация __
a Аннотация В учебном курсе вопросы гражданского процесса раскрыты с учетом последних изменений процессуального законодательства и практики его применения, изложенной как в решениях судов первой инстанции, так и в разъяснениях Верховного Суда РФ, содержащихся в постановлениях его Пленума. Курс включает тематические вставки, позволяющие проследить историю развития того или иного института гражданского процессуального права, его современное понимание в науке, а также зарубежный опыт развития этого института. Курс адресован студентам высших учебных заведений, обучающимся по юридическим направлениям.
538 Прим. о системных особенностях __
a Прим. о системных особенностях Режим доступа: Электронно-библиотечная система Юрайт, для авториз. пользователей
653 Ключевые слова __
a Ключевые слова Гражданский и арбитражный процесс
653 Ключевые слова __
a Ключевые слова Юридические науки
653 Ключевые слова __
a Ключевые слова Гражданский процесс
653 Ключевые слова __
a Ключевые слова Гражданское процессуальное право
653 Ключевые слова __
a Ключевые слова Гражданский процесс. Общие вопросы
653 Ключевые слова __
a Ключевые слова Основы гражданского процесса
653 Ключевые слова __
a Ключевые слова Основы гражданского процесса РФ
700 Другие авторы __
a Другие авторы Барсукова В. Н.
q Полное имя Барсукова Вероника Николаевна
700 Другие авторы __
a Другие авторы Шаяхметова М. Н.
q Полное имя Шаяхметова Мария Николаевна
700 Другие авторы __
a Другие авторы Соловьева Т. В.
q Полное имя Соловьева Татьяна Владимировна
700 Другие авторы __
a Другие авторы Францифоров А. Ю.
q Полное имя Францифоров Андрей Юрьевич
700 Другие авторы __
a Другие авторы Францифоров Ю. В.
q Полное имя Францифоров Юрий Викторович
856 Электронный адрес документа 40
n Местонахождение сервера Юрайт
g Электронная книга
q Тип электронного формата html
h Имя пользователя ЮРАЙТ
v Часы доступа к ресурсу 20271231
2 Способ доступа Показать документ
x Служебное примечание https://urait.ru/book/cover/521641E4-29E1-47AC-9BE5-7A52C8E8F066
u URL https://urait.ru/bcode/583387
856 Электронный адрес документа 48
q Тип электронного формата cover
u URL https://urait.ru/book/cover/521641E4-29E1-47AC-9BE5-7A52C8E8F066
911 __
u 0030=https://urait.ru/bcode/583387
911 __
u 073a=9785534218343
u 073d=2029.00
911 __
u 106a=s
911 __
u 900l=
952 Тип литературы __
i Дисциплина Гражданский процесс
952 Тип литературы __
i Дисциплина Гражданское процессуальное право
952 Тип литературы __
i Дисциплина Гражданский процесс. Общие вопросы
952 Тип литературы __
i Дисциплина Основы гражданского процесса
952 Тип литературы __
i Дисциплина Основы гражданского процесса РФ